000 00618cam a2200229 a 4500
001 2786925
005 20180315081227.0
008 810226s1981 nyu b 001 0 eng
010 _a 81001597
020 _a0195029127
020 _a0195029135 (pbk.)
040 _aDLC
_cDLC
_dDLC
041 _aeng
080 _a808.042 ELB
082 0 0 _a808.042 ELB
_219
100 1 _a25
101 _aEDU
245 1 0 _aWriting with power :
_cPeter Elbow.
504 _aBibliography: p. 375-377.
906 _a7
_bcbc
_corignew
_d1
_eocip
_f19
_gy-gencatlg
942 _2ddc
_cBK
999 _c45138
_d45138